[Event "Ostrava"]
[Site "Ostrava"]
[Date "1993.??.??"]
[Round "?"]
[White "Sher, Miron Naumovich"]
[Black "Keitlinghaus, Ludger"]
[Result "1-0"]
[WhiteElo "2535"]
[BlackElo "2485"]
[Annotator "Ribli,Z"]
[PlyCount "55"]
[EventDate "1993.09.??"]
[EventType "tourn"]
[EventRounds "9"]
[EventCountry "CZE"]
[EventCategory "10"]
[SourceTitle "CBM 038"]
[Source "ChessBase"]
[SourceDate "1994.02.01"]
[SourceVersion "1"]
[SourceVersionDate "1994.02.01"]
[SourceQuality "1"]

1. c4 e5 2. g3 c6 3. d4 exd4 4. Qxd4 d5 5. cxd5 (5. Bg2 $5) 5... cxd5 6. Bg2
Nf6 7. Nf3 Nc6 8. Qa4 Be7 (8... Bc5 9. O-O O-O 10. Bg5 h6 (10... Re8 11. e3 h6
12. Bxf6 Qxf6 13. Nc3 Be6 $14 {Larsen,B-Chandler,M/London/1986/INF41,17/}) 11.
Bxf6 Qxf6 12. Nc3 Be6 13. Rac1 Qe7 $6 (13... Bb6 $5) 14. e3 $14 {Sher,
M-Raeckiy,A/Hastings op/1993/CBM35/}) 9. O-O Qb6 (9... O-O 10. Be3 Ne4 11. Nc3
Nxc3 12. bxc3 Na5 13. Ne5 $14 {Serper,G-Lutz,C/Dortmund/1993/CBM35/INF57,18/})
10. Nc3 O-O 11. Qb5 $1 Qxb5 12. Nxb5 Bf5 13. b3 a5 (13... a6 14. Nbd4 Be4 15.
Bb2 Rac8 16. Rac1 $14) 14. Nfd4 Bg6 (14... Be4 15. Bh3 $14) 15. Be3 a4 16. Rac1
axb3 17. axb3 Rfc8 (17... Nxd4 18. Nxd4 $14) 18. Bh3 $1 Nxd4 19. Nxd4 Rc5 20.
Ra1 $1 Re8 21. Ra7 Rc7 22. Nb5 Rc2 23. Rxb7 Rxe2 24. Nc7 Rf8 25. Ne6 $1 fxe6
26. Rxe7 Bf7 27. Ra1 Rb2 28. Raa7 1-0

[Event "Manila zt 3.2a"]
[Site "Manila"]
[Date "2001.04.28"]
[Round "7"]
[White "Torre, Eugenio"]
[Black "Adianto, Utut"]
[Result "0-1"]
[WhiteElo "2546"]
[BlackElo "2589"]
[Annotator "Ribli,Z"]
[PlyCount "56"]
[EventDate "2001.04.24"]
[EventType "swiss"]
[EventRounds "9"]
[EventCountry "PHI"]
[SourceTitle "CBM 083"]
[Source "ChessBase"]
[SourceDate "2001.07.05"]
[SourceVersion "1"]
[SourceVersionDate "2001.07.05"]
[SourceQuality "1"]

1. c4 e5 2. g3 Nf6 3. Bg2 c6 {Schwarz bereitet d7-d5 vor, womit er den
Wirkungsradius des Bg2 einschränken will.} 4. d4 e4 $5 {Eine seltene
Fortsetzung. Die Alternativen sind - 4...exd4 5.Qxd4 d5, oder 4...Bb4+.} 5. Nc3
(5. d5 $5) 5... Bb4 6. Bg5 (6. Qb3 Na6 7. Bg5 (7. Bd2 Qe7 8. a3 Bxc3 9. Bxc3 d5
10. cxd5 Nxd5 11. e3 O-O 12. Ne2 Bg4 13. Bd2 Rfe8 14. h3 Bf3 15. Bxf3 exf3 16.
Nc3 Rad8 17. Kf1 Nf6 {1/2-1/2 Koshy,V-Nicholson,J/Isle of Man 1993/EXT 98 (17)}
) 7... d5 $2 8. Bxf6 gxf6 9. cxd5 cxd5 10. e3 Be6 11. Nge2 h5 12. h4 Qa5 13.
O-O Rc8 14. a3 Bxc3 15. Nxc3 O-O 16. Qd1 Bg4 17. f3 {1-0 Coret Frasquet,J-Gil
Pou,J/Valencia 1999/EXT 2000 (28)}) (6. f3 Bxc3+ 7. bxc3 d5 8. Ba3 Nbd7 9. cxd5
cxd5 10. Qc2 exf3 11. Nxf3 Nb6 12. Nd2 Be6 13. O-O Qc7 14. e4 {1-0 Poulenard,
R-Fievet,P/Cannes 1990/EXT 97 (34)}) (6. Nh3 $5) 6... d5 7. Qb3 (7. e3 $14 {
[%cal Gg1e2]}) 7... Bxc3+ 8. bxc3 {Dieser Zug ist logischer als das
Zurückschlagen mit der Dame, denn nun kann Weiß nach cxd5-cxd5 ein weiteres
Mal c4 ziehen.} Nbd7 9. cxd5 cxd5 10. Qb4 $6 {[%cal Gb4f8] Weiß möchte die
schwarze Rochade unterbinden. Alles in allem jedoch führt Weiß zu viele Züge
mit der Dame aus.} (10. Nh3 O-O 11. O-O b6 12. f3 h6 13. fxe4 hxg5 14. e5 Nxe5
15. dxe5 Ne4 16. Rad1 Qe7 17. Rxd5 Nc5 18. Qc2 Bb7 {0-1 Berry,J-Povah,N/
England 1997/CBM 64 ext (42)}) (10. c4 $5) 10... a5 11. Qa3 (11. Qd6 Ra6 12.
Bxf6 Nxf6 13. Qxd8+ Kxd8 $11) 11... Nb6 $15 {[%csl Yc4][%cal Gb6c4][%mdl 32]
Der schwarze Springer strebt das Schlüsselfeld c4 an, von wo aus der den
Damenflügel dominieren würde. Da das Zentrum geschlossen ist, kommt dem weißen
Läuferpaar keine Bedeutung zu.} 12. Qc5 h6 13. Bxf6 Qxf6 14. e3 (14. Rb1 Na4
15. Qb5+ Qc6 16. Qxc6+ bxc6 17. Kd2 Ba6 $15 {[%cal Ga6f1]}) 14... Qc6 15. Qxc6+
bxc6 16. Bf1 $6 (16. Rb1 Nc4 17. Bf1 Ba6 $15) 16... Na4 (16... Ba6 $15) 17. c4
Rb8 {[%csl Gb8][%cal Gb8b1] Der schwarze Turm steht ausgezeichnet auf b8 - von
hier aus kontrolliert er die einzige offene Linie.} 18. cxd5 cxd5 19. Rc1 {
Weiß kann sich zwar Kontrolle über die c-Linie verschaffen, aber er hat dort
aufgrund des schwarzen Entwicklungsvorsprungs keine guten
Eindringungsmöglichkeiten.} O-O 20. Be2 Bd7 $17 {Während die weißen Figuren am
Königsflügel kaum ins Spiel kommen können, hat Schwarz freie Hand am
Damenflügel.} 21. Bd1 (21. Kd2 Rb2+ 22. Rc2 Rxc2+ 23. Kxc2 Rc8+ 24. Kd2 Nc3 {
[%csl Ra2,Rg1,Rh1]}) 21... Nb2 {[%csl Gb2][%cal Rb2d3,Rd3c1,Rd3e1]} 22. Rc7
Nd3+ 23. Kf1 (23. Ke2 Rb2+ 24. Rc2 Rfb8 $19) 23... Rb2 $1 {[%csl Rf1][%cal
Rb2f2,Rf2f1]} 24. Bc2 (24. Be2 Bg4 25. f3 Rb1+ 26. Kg2 exf3+ 27. Bxf3 (27. Nxf3
Rb2 $19) 27... Ne1+ $19) 24... Ba4 $1 $19 {[%mdl 64]} 25. Bxd3 (25. Bxa4 Rxf2#)
25... exd3 {[%csl Gd3] Der schwarze Freibauer entscheidet die Partie.} 26. Nf3
d2 27. Nxd2 Rxd2 28. Ra7 Bc2 0-1

[Event "Bundesliga 0405"]
[Site "Germany"]
[Date "2005.02.12"]
[Round "10.3"]
[White "Bischoff, Klaus"]
[Black "Vallejo Pons, Francisco"]
[Result "1-0"]
[WhiteElo "2559"]
[BlackElo "2678"]
[Annotator "Ribli,Z"]
[PlyCount "61"]
[EventDate "2004.11.12"]
[EventType "team-tourn"]
[EventRounds "15"]
[EventCountry "GER"]
[SourceTitle "CBM 106"]
[Source "ChessBase"]
[SourceDate "2005.06.06"]
[SourceVersion "1"]
[SourceVersionDate "2005.06.06"]
[SourceQuality "1"]
[WhiteTeam "Tegernsee"]
[BlackTeam "Baden Oos"]
[WhiteTeamCountry "GER"]
[BlackTeamCountry "GER"]

1. c4 e5 2. g3 Nf6 3. Bg2 d5 {Der spanische Großmeister wählt gerne diese
Fortsetzung, die zu einem dynamischen Spiel führt.} 4. cxd5 Nxd5 5. Nf3 Nc6 6.
O-O Nb6 {Diese Stellung erinnert mich an die Drachenvariante der
Sizilianischen Verteidigung mit vertauschten Farben.} 7. d3 (7. a3 Be7 8. d3
O-O 9. Nbd2 a5 (9... Be6 10. b4 f6 11. Bb2 Qd7 12. Qc2 a6 13. Rfd1 Bd5 14. e4
Bf7 15. d4 Nxd4 16. Nxd4 exd4 17. Nf3 Nc4 18. Bxd4 {1/2-1/2 Bischoff,
K-Tiviakov,S/NED 1998/EXT 99 (42)}) 10. b3 Be6 11. Bb2 (11. Qc2 f6 12. Ne4 Qd7
13. Be3 Nd5 14. Bc5 b6 15. Bxe7 Ndxe7 16. Rac1 Rac8 $11 {1/2-1/2 Topalov,
V-Vallejo Pons,F/Monte Carlo 2004/(48)}) 11... f6 12. Qc2 Bd5 13. Bh3 Bf7 14.
Rfc1 Re8 15. Bf5 g6 16. Bh3 Bf8 17. e3 Qe7 18. Re1 Rad8 19. Rac1 Bd5 20. Bf1 {
1/2-1/2 Bischoff,K-Slobodjan,R/Germany 2001/CBM 82 ext (20)}) 7... Be7 8. Nbd2
{Bischoff wählt gerne diese Nebenvariante. Nach 8.Nc3 wäre mit vertauschten
Farben die Hauptvariante des "Drachen" erreicht .} (8. Be3 O-O 9. Qc1 Re8 10.
Nbd2 Bg4 11. Bc5 f5 12. Nb3 Bf6 13. Rd1 Kh8 14. e4 Qd7 15. h3 Bxf3 16. Bxf3
Rad8 {0-1 Azmaiparashvili,Z-Vallejo Pons,F/Ohrid MKD 2001/(42)}) 8... g5 {
Diese agressive Fortsetzung erachte ich nicht als gut für Schwarz. Nach meiner
Meinung wäre es besser zu rochieren.} (8... O-O $5) 9. b3 {Weiß braucht dem
schwarzen Königsflügelangriff keine besondere Aufmerksamkeit zu schenken;
stattdessen entwickelt seinen Läufer nach b2.} g4 (9... h5 10. Bb2 f6 11. h4 g4
12. Ne1 $14) 10. Ne1 h5 11. Bb2 $14 {Droht 12.Bxc6+ und der Pe5 ist
angegriffen.} f6 (11... h4 12. Bxc6+ bxc6 13. Bxe5 Rh5 14. Bb2 Qd6 15. Ne4 $16)
12. Bxc6+ $1 {[%mdl 32] Weiß tauscht seinen weißfeldrigen Läufer und platziert
seinen Springer auf g2. Auf diese Weise verteidigt er sicher seinen
Königsflügel, während die schwarze Bauernstruktur ewig schwach bleibt.} bxc6
13. Ng2 {[%csl Gg2][%cal Gg2h4]} c5 (13... h4 14. Nxh4 $16) 14. Rc1 h4 {
Die konsequenteste Fortsetzung, aber Schwarz hat keine konkrete Drohungen am
Königsflügel.} 15. Nxh4 $16 Rh5 (15... Rxh4 16. gxh4 Nd5 17. Ne4 $16) 16. Nc4
Rxh4 {Mit diesem Qualitätsopfer möchte Schwarz "im Trüben zu fischen".} 17.
gxh4 Nd5 {[%cal Gd5f4]} 18. e3 Nb4 19. f3 (19. h3 Nxd3 20. Rc2 $16) 19... Bb7 (
19... Nxd3 20. Rc2 Nxb2 21. Qxd8+ Bxd8 22. Rxb2 $18) 20. e4 {[%mdl 256] Weiß
schließt die Diagonale des b7-Läufers.} (20. fxg4 Nxd3 21. Na5 Nxc1 22. Qxd8+
Rxd8 23. Bxc1 $16 (23. Nxb7 Ne2+ 24. Kg2 Rd2 $132)) 20... Nxd3 21. Rc2 {
[%cal Rc2d2,Rd2d8]} Nf4 (21... Nxb2 22. Nxb2 Qxd1 23. Nxd1 gxf3 24. Nc3 $16)
22. Bc1 (22. Qxd8+ Rxd8 23. Bc1 gxf3 24. Bxf4 Bxe4 25. Rd2 exf4 26. Rxd8+ Bxd8
27. Nd2 f5 28. Nxf3 $16) 22... Nh3+ $2 (22... Qxd1 $5 23. Rxd1 gxf3 24. Bxf4
Bxe4 25. Rcd2 exf4 $14) 23. Kg2 f5 (23... Qd4 24. Be3 Nf4+ 25. Kf2 $18) 24.
Qxd8+ Rxd8 25. Re2 (25. Nxe5 $18) (25. Kg3 Rd3 26. exf5 Bxf3 27. Rxf3 Rxf3+ 28.
Kxg4 $18) 25... gxf3+ 26. Rxf3 {Weiß besitzt eine Qualität mehr. Der schwarze
Nh3 steht passiv. Die schwarze Stellung ist insgesamt bereits hoffnungslos.}
Rd1 (26... Nf4+ 27. Bxf4 fxe4 28. Rf1 exf4 29. Rxf4 $18) 27. Rf1 $2 (27. Kxh3
$1 Rxc1 (27... fxe4 28. Rc3 $18) 28. Rxf5 (28. Nxe5 Bxe4 29. Rfe3 $16) 28...
Bc8 29. Nxe5 $18) 27... Rd3 $2 (27... Bxe4+ $1 28. Rxe4 Rxf1 29. Rxe5 (29. Kxf1
fxe4 $14) 29... Rxc1 30. Kxh3 Rc3+ 31. Re3 Rc2 $14) 28. Rxf5 $18 Bc8 29. Nxe5 (
29. Rxe5 Bg4 30. Re1 $18) 29... Rc3 30. Be3 Ba6 (30... Bxf5 31. exf5 $18 {
[%csl Rh3]}) 31. Nc4 1-0

[Event "Olympiad-31"]
[Site "Moscow"]
[Date "1994.12.12"]
[Round "11.1"]
[White "Nogueiras Santiago, Jesus"]
[Black "Illescas Cordoba, Miguel"]
[Result "1/2-1/2"]
[WhiteElo "2530"]
[BlackElo "2590"]
[Annotator "Ribli,Z"]
[PlyCount "69"]
[EventDate "1994.12.01"]
[EventType "team-swiss"]
[EventRounds "14"]
[EventCountry "RUS"]
[SourceTitle "CBM 045"]
[Source "ChessBase"]
[SourceDate "1995.04.01"]
[SourceVersion "1"]
[SourceVersionDate "1995.04.01"]
[SourceQuality "1"]
[WhiteTeam "Cuba"]
[BlackTeam "Spain"]
[WhiteTeamCountry "CUB"]
[BlackTeamCountry "ESP"]

1. c4 e5 2. g3 Nf6 3. Bg2 c6 4. d4 Bb4+ 5. Bd2 Bxd2+ 6. Qxd2 d6 (6... e4 $5 7.
Nc3 d5 8. cxd5 cxd5 9. f3 exf3 10. exf3 O-O 11. Nge2 Nc6 12. O-O h6 $10 {
Panno,O-Nikolic,P/Buenos Aires/1992/}) 7. Nc3 Qe7 8. e3 $5 (8. e4 $6 d5 $1 9.
cxd5 exd4 $1 10. Qxd4 cxd5 11. Nxd5 Nxd5 12. Qxd5 O-O $44 {Davies,N-Khenkin,I/
Tel Aviv/1992/CBM30/}) 8... O-O 9. Nge2 Na6 (9... Nbd7 10. h3 Re8 (10... h5 $5)
11. g4 $1 Nb6 12. b3 a5 13. O-O a4 14. Rae1 $1 $14 {Dorfman,J-Razuvaev,Y/
Elenite/1992/CBM32/INF55,14/}) (9... Re8 10. O-O $6 (10. h3 $5) 10... e4 11. h3
h5 12. Rae1 Bf5 13. Qd1 Nbd7 14. Nf4 g6 {remis/Sher,M-Laketic,G/Belgorod/1990/
EXP17/}) 10. h3 (10. O-O Re8 11. a3 Nc7 12. b4 Be6 $13 {Chiburdanidze,
M-Cramling,P/Tilburg ctW/1994/EXP43/}) 10... Re8 11. O-O Be6 12. b3 Rad8 13.
Rae1 Bc8 14. g4 $5 h6 15. Ng3 Nh7 16. f4 Qh4 17. Qf2 Nb4 18. Rd1 exf4 19. exf4
Nf6 20. Nge4 (20. a3 Nc2 21. Qxc2 (21. Nge4 $5) 21... Qxg3 22. Rd3 Qh4 (22...
Re3 23. Ne2 $18) 23. Qf2 Qxf2+ 24. Kxf2 Re7 25. Re3 Rxe3 26. Kxe3 Re8+ 27. Kd2
$14) 20... Qxf2+ 21. Rxf2 (21. Kxf2 $5 Nxe4+ 22. Bxe4 f5 (22... d5 23. cxd5
Nxd5 24. Bxd5 cxd5 25. Rfe1 $14) 23. Bxf5 Bxf5 24. gxf5 Rf8 25. a3 Na6 26. Rde1
Rxf5 27. Kg3 $14) 21... Nxe4 22. Bxe4 f5 $1 23. gxf5 (23. Bxf5 Bxf5 24. gxf5
Re3 $15) 23... d5 24. cxd5 Nxd5 25. Bxd5+ cxd5 26. Re2 Rxe2 27. Nxe2 Bxf5 28.
Kg2 Be4+ 29. Kf2 Bf5 30. h4 Bg4 31. Rg1 Bxe2 32. Kxe2 Re8+ 33. Kf3 Re4 34. Rc1
Rxd4 35. Rc8+ {Ribli} 1/2-1/2

[Event "Harlingen"]
[Site "Harlingen"]
[Date "1991.??.??"]
[Round "3"]
[White "Timman, Jan H"]
[Black "Winants, Luc"]
[Result "1/2-1/2"]
[WhiteElo "2630"]
[BlackElo "2505"]
[Annotator "Ribli,Z"]
[PlyCount "120"]
[EventDate "1991.??.??"]
[EventType "tourn"]
[EventRounds "3"]
[EventCountry "GER"]
[EventCategory "13"]
[SourceTitle "CBM 024"]
[Source "ChessBase"]
[SourceDate "1991.10.01"]
[SourceVersion "1"]
[SourceVersionDate "1991.10.01"]
[SourceQuality "1"]

1. c4 e5 2. g3 Nf6 3. Bg2 c6 4. d4 exd4 5. Qxd4 d5 6. Nf3 Be7 (6... dxc4 7.
Qxc4 Be7 8. O-O O-O 9. Nc3 Be6 10. Qa4 $14 {Andersson,U-Huebner,R Skelleftea
WCup 1989 CBM/14}) 7. cxd5 cxd5 8. O-O O-O 9. Nc3 (9. Be3 Ng4 10. Bf4 Nc6 11.
Qd3 Be6 12. Nc3 g5 13. Bc1 d4 14. Ne4 h6 15. h3 Nf6 16. Rd1 $14 {Fischbein,
A-Kotronias,V New York WFW 1990 CBM/20}) 9... Nc6 10. Qa4 Qb6 11. Qc2 $6 (11.
Qb5 $5 d4 (11... Qxb5 12. Nxb5 Bf5 13. Bf4 Rfd8 14. Rfd1 a6 15. Nbd4 $14 {
Suetin,A-Marszalek,R Moscow2 1991 EXP/21}) 12. Qxb6 axb6 13. Nb5 Bc5 14. Rd1
Rd8 15. Bg5 Ra5 16. a4 Be6 17. Bxf6 gxf6 18. Nd2 $14 {Davies,N-Morgan,M New
York op 1991 CBM/23}) 11... d4 12. Ne4 Nb4 13. Qb1 Rd8 14. Bg5 h6 15. Bxf6 Bxf6
16. a3 Na6 17. Ne1 Nc5 18. Nxc5 Qxc5 19. Qe4 Qb5 20. a4 $5 (20. Nd3 Bf5 21.
Qxb7 Qxb7 22. Bxb7 Rab8 $10) 20... Qxb2 21. Nd3 Qd2 22. a5 Be6 23. Rfd1 Qc3 24.
Qxb7 Bg4 25. Rdc1 Qd2 26. Bd5 Rxd5 (26... Rf8 27. Ra2 $16) 27. Qxd5 Rd8 28. Qa2
Qxe2 29. Qxe2 Bxe2 30. Ra3 Rb8 31. Nf4 Bg5 $1 32. Re1 (32. Nxe2 Bxc1 33. Nxc1
Rb1 $15) 32... Ba6 33. Raa1 d3 34. Rad1 Bxf4 35. gxf4 Kf8 36. Kg2 Rd8 37. Rd2
Rd4 38. Kg3 Ra4 39. Re5 g6 40. f5 g5 41. f6 Rf4 42. Re7 Rxf6 43. Rxa7 Kg7 44.
Rd7 h5 45. Rd5 h4+ 46. Kg4 Kh6 47. Rd8 (47. Rxg5 $2 Bc8+ 48. Kxh4 Rf4+ 49. Kg3
Kxg5 $19) 47... Rf4+ 48. Kh3 Kh5 49. Rh8+ Kg6 50. Kg2 Bb7+ 51. Kf1 Ra4 52. f3
Rxa5 53. Kf2 Ra3 54. Rd8 Ba6 55. Ke3 f6 56. Rd6 Bb5 57. Rb6 Rb3 58. Kd4 Kf5 59.
Ke3 Rb4 60. Kf2 Rb1 1/2-1/2

[Event "USA-ARM"]
[Site "Glendale"]
[Date "1994.??.??"]
[Round "4"]
[White "Anastasian, Ashot"]
[Black "Gurevich, Ilya"]
[Result "1-0"]
[WhiteElo "2545"]
[BlackElo "2585"]
[Annotator "Ribli,Z"]
[PlyCount "140"]
[EventDate "1994.05.??"]
[EventType "team"]
[EventRounds "4"]
[EventCountry "USA"]
[SourceTitle "CBM 042"]
[Source "ChessBase"]
[SourceDate "1994.10.01"]
[SourceVersion "1"]
[SourceVersionDate "1994.10.01"]
[SourceQuality "1"]

1. c4 e5 2. g3 Nf6 3. Bg2 c6 4. Nf3 e4 5. Nd4 d5 6. cxd5 Qxd5 (6... Qb6 7. Nc2
(7. Nb3 $5) 7... cxd5 8. Nc3 Nc6 9. d3 $13 {Dragomarzkij,E-Gipslis,A/Alushta/
1993/CBM36/}) 7. Nc2 (7. Nb3 Qh5 8. h3 Qg6 9. Nc3 Bd6 10. O-O O-O 11. d3 exd3
12. e4 Bc7 13. Qxd3 Na6 14. Qe2 Re8 15. Be3 h5 $1 $13 {Ioseliani,N-Levitina,I/
Shanghai ctW/1992/CBM33/}) 7... Qh5 8. h3 $5 (8. Ne3 Bh3 $1 $13 {Filip,
M-Portisch,L/Palma de Mallorca/1970/}) 8... Qg6 (8... Bc5 $6 9. b4 Be7 10. Nc3
O-O $6 (10... Qg6 $5) 11. Nxe4 $14 {Schneider,B-Mephisto Lyon/Nettetal/1991/
EXP21/}) 9. b3 (9. Nc3 Bd6 10. d3 exd3 11. Qxd3 Qxd3 12. exd3 $10 {Hauchard,
A-Naumkin,I/Oostende op/1991/EXP26/}) 9... Bc5 10. Bb2 $1 (10. Ba3 $6 Bxa3 11.
Nbxa3 O-O 12. Nc4 Rd8 $15 {Langeweg,K-Botvinnik,M/Wijk aan Zee/1969/}) 10...
O-O 11. Ne3 Rd8 12. Qc2 Na6 13. a3 Be6 (13... Bd4 14. Nc3 $14) 14. Bxf6 $1 Qxf6
15. Nc3 Qe5 16. Ng4 (16. Bxe4 Bxe3 17. dxe3 Nc5 $44) (16. O-O f5 $13) 16... Qd4
(16... Bxg4 17. hxg4 $16) 17. e3 Qd7 (17... Qd3 18. Bxe4 Qxc2 19. Bxc2 $16) 18.
Nxe4 Be7 19. Ne5 Qc7 20. Nd3 $16 Qb6 21. b4 Rac8 22. O-O Bf5 23. g4 Bg6 (23...
Bxe4 24. Bxe4 c5 25. b5 $16) 24. Nf4 c5 25. Nxg6 hxg6 26. bxc5 Nxc5 27. Rab1
Qa5 28. d4 Ne6 (28... Nxe4 29. Qxe4 Bxa3 30. Rxb7 $18) 29. Qb3 Rc7 30. a4 a6
31. Rfc1 Rdc8 32. Rxc7 Rxc7 33. Rd1 g5 34. Ng3 $1 Bb4 35. Rb1 Qb6 36. a5 $1 $18
(36. Qxb4 $2 Rc1+ $13) 36... Qb5 (36... Qxa5 37. Qxb4 Rc1+ 38. Kh2 $18) 37. Bf1
Qxa5 38. Qxb4 Qxb4 39. Rxb4 b5 40. Ne4 Rc1 41. Kg2 Nc7 42. Rb3 Kf8 43. Rc3 Rxc3
44. Nxc3 b4 45. Na4 a5 46. Bc4 Ne8 47. e4 Nd6 48. Bd3 f6 49. Kf3 Ke7 50. e5 Nf7
51. Ke4 Nh8 52. Kd5 Nf7 53. Nc5 Nd8 54. Bg6 fxe5 55. dxe5 b3 56. Nxb3 Ne6 57.
Bc2 Nf4+ 58. Ke4 a4 59. Nd4 a3 60. Bb3 Nxh3 61. Ke3 g6 62. Nc2 Nf4 63. Nxa3 Kd7
64. Nc2 Kc6 65. Nd4+ Kd7 66. Nf3 Ne6 67. Bc4 Ke7 68. Bf1 Nf4 69. Nxg5 Nd5+ 70.
Kd4 Nc7 1-0

[Event "Rijeka Liburnija 1st"]
[Site "Rijeka"]
[Date "2005.04.12"]
[Round "2"]
[White "Cvitan, Ognjen"]
[Black "Fercec, Nenad"]
[Result "1-0"]
[WhiteElo "2481"]
[BlackElo "2504"]
[Annotator "Ribli,Z"]
[PlyCount "95"]
[EventDate "2005.04.11"]
[EventType "tourn"]
[EventRounds "11"]
[EventCountry "CRO"]
[EventCategory "10"]
[SourceTitle "CBM 107"]
[Source "ChessBase"]
[SourceDate "2005.08.01"]
[SourceVersion "1"]
[SourceVersionDate "2005.08.01"]
[SourceQuality "1"]

1. c4 e5 2. g3 c6 3. d4 exd4 (3... Bb4+ 4. Bd2 Bxd2+ 5. Qxd2 d6) 4. Qxd4 d5 5.
Bg2 Be6 (5... Nf6 6. Nf3 Be7 7. cxd5 cxd5 8. O-O Nc6 9. Qa4 Qb6 (9... O-O $6
10. Be3 $14) 10. Nc3 O-O) 6. cxd5 cxd5 7. Nf3 Nc6 8. Qa4 Bc5 9. O-O Nf6 10. Bg5
O-O 11. Nc3 {Der Isolani auf d5 stellt zwar eine potentielle Schwächung dar,
andererseits verfügt Schwarz über ein lebendiges Figurenspiel.} h6 12. Bxf6
Qxf6 13. Qb5 {Die weiße Dame steht auf b5 aktiv und stört den schwarzen
Damenflügel. Die Alternative 13.Ne1 ist jedoch ebenfalls in Betracht zu ziehen.
} (13. Ne1 Rfd8 (13... Rad8 14. Nd3 Bd4 15. Rac1 Rfe8 16. Nf4 Qe5 17. e3 (17.
Rfd1 $5) 17... Bxc3 18. bxc3 {Zu prüfen ist 18.Rc3!?} (18. Rxc3 $5) 18... Re7
19. Rfd1 Red7 20. Qb5 a6 21. Qc5 Qd6 22. Qxd6 Rxd6 $10 {Ribli. 1/2-1/2
Seirawan,Y-Sokolov,I/Wijk aan Zee 1995/CBM 46/[Ribli] (29)}) 14. Nd3 Bd4 15.
Rac1 a6 16. Nf4 b5 17. Qd1 Ne7 18. e3 Bxc3 19. Rxc3 Rac8 20. Rxc8 Rxc8 21. Qd2
{1-0 Kosten,A-Shchekachev,A/Clermont-Ferrand 2003/(30)}) (13. Rac1 Qe7 14. e3
Rfd8 15. Rfd1 Rac8 $10 {Sher,M-Raecky,A/Hastings op/1993/EXP33/}) 13... Qe7 14.
Na4 (14. Rac1 a6 15. Qa4 Rfd8 16. Rfd1 Rac8 17. e3 Rc7 18. a3 Rcd7 19. Ne2 Ba7
20. Rd2 Qf6 21. Rcd1 Bb8 22. Ned4 Ne7 23. Qb3 {1-0 Svendsen,B-Hagesaether,T/
Oslo 2004/(36)}) 14... Bd6 15. Rac1 {[%csl Yc5][%cal Ga4c5] Weiß zielt mit dem
Springer auf das Feld c5.} Rac8 16. Rfd1 d4 17. a3 Rfd8 (17... a6 18. Qb6 Rfd8
$11) 18. Nc5 Bxc5 $6 {[%mdl 16384] Warum tauscht Schwarz leichtfertig sein
Läuferpaar? Es wäre besser, das Läuferpaar auf dem Brett halten. Nach 18...
a6!? bekommt Schwarz gutes Spiel.} (18... a6 $5 19. Qb6 Bd5 20. Nxb7 Rb8 21.
Rxc6 Rxb7 22. Qxa6 Bxc6 23. Qxc6 Rxb2 24. Bf1 Bc5 {0-1 Titz,H-Raetsky,A/
Kecskemet 1991/EXT 2004 (48)}) 19. Qxc5 $14 {Weiß besitzt etwas bessere
Aussichten, darüber hinaus ist der schwarze Isolani auf d4 schwach und Schwarz
hat kein Gegenspiel.} Qf6 (19... Qxc5 20. Rxc5 $14) 20. Qb5 Bd5 (20... Qe7 21.
Rc5 $14) 21. Ne1 Bxg2 22. Kxg2 (22. Nxg2 $14 {[%cal Gg2f4]}) 22... Qe7 23. Nf3
Rc7 24. b4 Rcd7 25. Qd3 a6 (25... Ne5 26. Nxe5 Qxe5 27. Rc5 $14) 26. Rd2 Rd6
27. Rc5 {[%csl Gc5]} Re6 {Schwarz greift den e2-Bauern an, aber Weiß kann ihn
besser verteidigen, als Schwarz seinen schwachen Bauern auf d4.} 28. Rdc2 {
[%cal Gc2c6] Weiß verfügt über positionellen Druck am Damenflügel.} Re4 29. b5
$1 axb5 30. Rxb5 Re8 31. Rbb2 Ra8 $2 {[#]} 32. Rxb7 $1 $16 {[%mdl 64] Mit
dieser kleiner Kombination gewinnt Weiß einen Bauern und der Nc6 verliert
seine Unterstützung.} Qxb7 33. Qxe4 {[%csl Ge4][%cal Re4a8]} Nd8 34. Qxd4 (34.
Qxb7 Nxb7 35. Nxd4 (35. Rc7 Nd6 36. Rd7 Nb5 $14) 35... Rxa3 36. Nf5 $14) 34...
Ne6 35. Qe3 {Weiß hat bereits zwei Bauern mehr.} g5 36. h3 Ra4 37. Kh2 Qa8 38.
Rc3 Qb7 39. Rb3 Qc7 40. Qe5 Qxe5 41. Nxe5 $18 Re4 42. Re3 $1 (42. Ng4 Rxe2 43.
Nxh6+ Kg7 44. Nf5+ Kf6 45. Rf3 $18 g4 46. hxg4 Ng5 47. Rf4 Ne6 48. g5+ Kxg5 (
48... Ke5 49. Rf3 Nxg5 50. Re3+ Rxe3 51. Nxe3 $18) 49. Rf3 $18) 42... Rd4 (
42... Rxe3 43. fxe3 $18 {[%csl Ga3]}) 43. Rf3 Rd5 44. Nxf7 Kg7 (44... Nd4 45.
Nxh6+ (45. Rf6 Kg7 46. Rd6 Rf5 47. f4 $18) 45... Kg7 46. Rd3 Kxh6 47. Kg2 $18 {
[%csl Rd4][%cal Rd3d5,Re2e3,Re3d4] Weiß weicht mit seinem König den schwarzen
Schachmotiven aus und gewinnt leicht mit 48.e3.}) 45. Nxh6 Nd4 46. Rd3 Kxh6 47.
Kg2 Rd6 48. a4 1-0